BIBLIOTECA PODER JUDICIAL
Portal Judicial TDF

Lineamientos del nuevo Régimen de Incentivo para Grandes Inversiones (RIGI) / (Registro nro. 5400)

000 -LEADER
fixed length control field 01545nab a22002537a 4500
003 - CONTROL NUMBER IDENTIFIER
control field OSt
005 - DATE AND TIME OF LATEST TRANSACTION
control field 20250311125205.0
008 - FIXED-LENGTH DATA ELEMENTS--GENERAL INFORMATION
fixed length control field 190604e xxu||||| |||| 00| 0 spa d
040 ## - CATALOGING SOURCE
Transcribing agency PJ
100 ## - MAIN ENTRY--PERSONAL NAME
9 (RLIN) 6426
Personal name Brandt, María Inés
245 10 - TITLE STATEMENT
Title Lineamientos del nuevo Régimen de Incentivo para Grandes Inversiones (RIGI) /
Statement of responsibility, etc María Inés Brandt.
260 ## - PUBLICATION, DISTRIBUTION, ETC. (IMPRINT)
Place of publication, distribution, etc Ciudad Autónoma de Buenos Aires :
Name of publisher, distributor, etc Thomson Reuters La Ley,
Date of publication, distribution, etc 2024.
300 ## - PHYSICAL DESCRIPTION
Extent p. 5-15
500 ## - GENERAL NOTE
General note Cita Online: TR LALEY AR/DOC/1897/2024.
505 ## - FORMATTED CONTENTS NOTE
Formatted contents note Sumario: I. Introducción.— II. Condiciones de adhesión.— III. Condiciones de permanencia en el RIGI.— IV. Incentivos, garantías y estabilidad.— V. Articulación con jurisdicciones locales.— VI. Articulación con otros regímenes promocionales.— VII. Terminación de los incentivos bajo el RIGI.— VIII. Régimen infraccional y sancionatorio.— IX. Protección bajo los tratados de promoción y protección recíproca de inversiones.— X. Solución de controversias.— XI. Entrada en vigencia y reglamentación.
505 ## - FORMATTED CONTENTS NOTE
Title ¿Te interesa el texto completo? Solicitalo al correo: koha@justierradelfuego.gov.ar<br/>
650 #0 - SUBJECT ADDED ENTRY--TOPICAL TERM
9 (RLIN) 4919
Topical term or geographic name as entry element IMPUESTO A LAS GANANCIAS
650 #0 - SUBJECT ADDED ENTRY--TOPICAL TERM
9 (RLIN) 3232
Topical term or geographic name as entry element DERECHO ADUANERO
650 #0 - SUBJECT ADDED ENTRY--TOPICAL TERM
9 (RLIN) 6123
Topical term or geographic name as entry element DERECHOS DE EXPORTACION
650 #0 - SUBJECT ADDED ENTRY--TOPICAL TERM
9 (RLIN) 6427
Topical term or geographic name as entry element DERECHOS DE IMPORTACIÓN
650 #0 - SUBJECT ADDED ENTRY--TOPICAL TERM
9 (RLIN) 6122
Topical term or geographic name as entry element TRIBUTOS ADUANEROS
773 0# - HOST ITEM ENTRY
Host Biblionumber 2714
Host Itemnumber 3171
Place, publisher, and date of publication Ciudad Autónoma de Buenos Aires : Thomson Reuters La Ley, 2014-
Title Revista anales de legislación argentina. Nº 8 - Agosto 2024.
942 ## - ADDED ENTRY ELEMENTS (KOHA)
Source of classification or shelving scheme
Koha item type Analítica Artículo de Revista

No hay ítems disponibles.

12 de Octubre 789 Ushuaia - Tel:  54(02901)441571
Horario de Atención: 8.00 a 17.00 hs. 
bibliotecaush@justierradelfuego.gov.ar
koha@justierradelfuego.gov.ar
Seguinos en nuestras redes @bibliojustdf 

Con tecnología Koha